|
|
|
|
| LEADER |
00934nab a2200217 i 4500 |
| 001 |
acta2865 |
| 005 |
20260202083856.0 |
| 008 |
161015s1999 hu o 000 hun d |
| 022 |
|
|
|a 0324-6965
|
| 040 |
|
|
|a SZTE Egyetemi Kiadványok Repozitórium
|b hun
|
| 041 |
|
|
|a hun
|
| 041 |
|
|
|a ger
|
| 100 |
1 |
|
|a Belényi Gyula
|
| 245 |
1 |
3 |
|a Az 1945. évi fordulat távlati következményeiről
|h [elektronikus dokumentum] :
|b a kelet-európai történelmi régió társadalomszervezési modelljének behatolása Közép-Európába /
|c Belényi Gyula
|
| 260 |
|
|
|a University of Szeged, Magyar Medievisztikai Kutatócsoport
|b Szeged
|c 1999
|
| 300 |
|
|
|a 85-95
|
| 490 |
0 |
|
|a Acta Universitatis Szegediensis : acta historica
|v 108
|
| 650 |
|
4 |
|a Bölcsészettudományok
|
| 650 |
|
4 |
|a Történettudomány és régészet
|
| 695 |
|
|
|a Közép-Európa története - 1945
|
| 856 |
4 |
0 |
|u http://acta.bibl.u-szeged.hu/2865/1/historica_108_085-095.pdf
|z Dokumentum-elérés
|